Statistics for 1000 artists by the name of one of their popular songs

Click here to take the quiz!

General Stats

  • This quiz has been taken 24,340 times
    (23,882 since last reset)
  • The average score is 244 of 1000

Answer Stats

Song NameArtist Name% Correct
Pop MuzikM
97%
Bohemian RhapsodyQueen
88%
Billie JeanMichael Jackson
87%
Tiny DancerElton John
86%
Smells Like Teen SpiritNirvana
84%
Hey JudeThe Beatles
84%
Like a VirginMadonna
82%
Bad RomanceLady Gaga
81%
Rolling in the DeepAdele
79%
Dancing QueenABBA
78%
Lose YourselfEminem
78%
I Kissed a GirlKaty Perry
78%
In da Club50 Cent
77%
Back in BlackAC/DC
76%
Let's Stay TogetherAl Green
75%
Heartbreak HotelElvis Presley
75%
So WhatPink
75%
Crazy in LoveBeyonce
74%
Viva la VidaColdplay
73%
Hotel CaliforniaEagles
73%
Moves Like JaggerMaroon 5
73%
Enter SandmanMetallica
73%
American IdiotGreen Day
72%
WonderwallOasis
72%
DisturbiaRihanna
72%
Gold DiggerKanye West
71%
Every Breath You TakeThe Police
71%
Sympathy for the DevilThe Rolling Stones
71%
ImagineJohn Lennon
70%
SexyBackJustin Timberlake
70%
Hips Don't LieShakira
70%
My Heart Will Go OnCeline Dion
69%
Rhythm NationJanet Jackson
69%
Wrecking BallMiley Cyrus
69%
Piano ManBilly Joel
68%
Space OddityDavid Bowie
68%
When Doves CryPrince
68%
RehabAmy Winehouse
67%
November RainGuns N' Roses
66%
Losing My ReligionR.E.M.
66%
With or Without YouU2
66%
Remember WhenAlan Jackson
65%
Stayin' AliveBee Gees
65%
You Belong with MeTaylor Swift
65%
I Gotta FeelingThe Black Eyed Peas
65%
Wanted Dead or AliveBon Jovi
64%
WomanizerBritney Spears
64%
Locked Out of HeavenBruno Mars
64%
JoleneDolly Parton
63%
Ring of FireJohnny Cash
63%
Gangnam StylePsy
63%
What Am I Gonna Do with YouBarry White
62%
What Makes You BeautifulOne Direction
62%
Get LuckyDaft Punk
61%
99 ProblemsJay Z
61%
Comfortably NumbPink Floyd
61%
Ice Ice BabyVanilla Ice
61%
Take On MeA-Ha
60%
Girls Just Want to Have FunCyndi Lauper
60%
Thinking Out LoudEd Sheeran
60%
RoyalsLorde
60%
SuperstitionStevie Wonder
60%
Good VibrationsThe Beach Boys
60%
Last ChristmasWham!
60%
Summer of '69Bryan Adams
59%
You Can Call Me AlPaul Simon
59%
Dani CaliforniaRed Hot Chili Peppers
59%
Iron ManBlack Sabbath
58%
You're So VainCarly Simon
58%
Shower the PeopleJames Taylor
58%
Don't Stop Believin'Journey
58%
No Woman, No CryBob Marley and the Wailers
57%
Genie in a BottleChristina Aguilera
57%
Tik TokKesha
57%
Immigrant SongLed Zeppelin
57%
Drop It Like It's HotSnoop Dogg
57%
Mr. BrightsideThe Killers
57%
How Will I KnowWhitney Houston
57%
We Belong TogetherMariah Carey
56%
AnacondaNicki Minaj
56%
Crazy TrainOzzy Osbourne
56%
Seven Nation ArmyThe White Stripes
56%
The Thrill is GoneB.B. King
55%
Strangers in the NightFrank Sinatra
55%
Hollaback GirlGwen Stefani
55%
Like a Rolling StoneBob Dylan
54%
Gangsta's ParadiseCoolio
54%
Smoke on the WaterDeep Purple
54%
The Final CountdownEurope
54%
RadioactiveImagine Dragons
54%
Sweet Home AlabamaLynyrd Skynyrd
54%
Y.M.C.A.Village People
54%
Heart of GlassBlondie
53%
As Long as You Love MeJustin Bieber
53%
Ms. JacksonOutkast
53%
London CallingThe Clash
53%
Light My FireThe Doors
53%
Purple HazeThe Jimi Hendrix Experience
53%
My GenerationThe Who
53%
What's Love Got to Do with ItTina Turner
53%
(You Make Me Feel Like) A Natural WomanAretha Franklin
52%
Tears in HeavenEric Clapton
52%
Let's Get It OnMarvin Gaye
52%
Bye Bye ByeNSYNC
52%
Sweet EmotionAerosmith
51%
Thunder RoadBruce Springsteen
51%
One DanceDrake
51%
What a Wonderful WorldLouis Armstrong
51%
Sweet CarolineNeil Diamond
51%
Rock and Roll All NiteKiss
50%
Moonlight Sonata (Piano Sonata No. 14)Ludwig van Beethoven
50%
She BangsRicky Martin
50%
ChandelierSia
50%
The Sound of SilenceSimon & Garfunkel
50%
RhiannonFleetwood Mac
49%
Somebody That I Used to KnowGotye
49%
My Own Worst EnemyLit
49%
Counting StarsOneRepublic
49%
Paranoid AndroidRadiohead
49%
Super FreakRick James
49%
Everybody Wants to Rule the WorldTears for Fears
49%
If I Could Turn Back HomeCher
48%
Fortunate SonCreedence Clearwater Revival
48%
Rainbow in the DarkDio
48%
Sultans of SwingDire Straits
48%
Hungry Like the WolfDuran Duran
48%
I Will SurviveGloria Gaynor
48%
In the EndLinkin Park
48%
Party Rock AnthemLMFAO
48%
Maybe I'm AmazedPaul McCartney
48%
ZombieThe Cranberries
48%
StarboyThe Weeknd
48%
EverlongFoo Fighters
47%
Take Me to ChurchHozier
47%
SussudioPhil Collins
47%
Friday I'm in LoveThe Cure
47%
Free Fallin'Tom Petty
47%
Girl on FireAlicia Keys
46%
Barbie GirlAqua
46%
Johnny B. GoodeChuck Berry
46%
Pour Some Sugar on MeDef Leppard
46%
Bring Me to LifeEvanescence
46%
Feel Good Inc.Gorillaz
46%
Summertime SadnessLana Del Rey
46%
U Can't Touch ThisMC Hammer
46%
Anarchy in the UKSex Pistols
46%
Eine kleine Nachtmusik (A Little Night Music)Wolfgang Amadeus Mozart
46%
(You Gotta) Fight of Your Right) (To Party!)Beastie Boys
45%
Rebel YellBilly Idol
45%
Song 2Blur
45%
More Than a FeelingBoston
45%
American PieDon McLean
45%
I Got You (I Feel Good)James Brown
45%
Don't SpeakNo Doubt
45%
Kiss from a RoseSeal
45%
Bitter Sweet SymphonyThe Verve
45%
Confessions Part IIUsher
45%
Hot for TeacherVan Halen
45%
ComplicatedAvril Lavigne
44%
Sunshine of Your LoveCream
44%
Karma ChameleonCulture Club
44%
Personal JesusDepeche Mode
44%
Nuthin' but a 'G' ThangDr. Dre
44%
My Sweet LordGeorge Harrison
44%
Take Me Home, Country RoadsJohn Denver
44%
You Really Got MeThe Kinks
44%
Brown Eyed GirlVan Morrison
44%
Hail Mary2Pac
43%
All the Small ThingsBlink-182
43%
That's AmoreDean Martin
43%
Great Balls of FireJerry Lee Lewis
43%
Hot in HerreNelly
43%
JeremyPearl Jam
43%
West End GirlsPet Shop Boys
43%
Never Gonna Give You UpRick Astley
43%
Oh, Pretty WomanRoy Orbison
43%
InformerSnow
43%
Chop SueySystem of a Down
43%
Hold the LineToto
43%
Side to SideAriana Grande
42%
I Love Rock 'n' RollJoan Jett and the Blackhearts
42%
My HouseFlo Rida
41%
Invisible TouchGenesis
41%
Run to the HillsIron Maiden
41%
Say You, Say MeLionel Richie
41%
Black Hole SunSoundgarden
41%
Say You'll Be ThereSpice Girls
41%
Love ShackThe B-52's
41%
Gettin' Jiggy wit ItWill Smith
41%
La GrangeZZ Top
41%
Bills, Bills, BillsDestiny's Child
40%
IrisGoo Goo Dolls
40%
Concerto for Two Violins (Double Violin Concerto)Johann Sebastian Bach
40%
Stronger (What Doesn't Kill You)Kelly Clarkson
40%
FootlooseKenny Loggins
40%
Welcome to the Black ParadeMy Chemical Romance
40%
Straight Outta ComptonN.W.A
40%
(Sittin' On) The Dock of the BayOtis Redding
40%
Mo Money Mo ProblemsThe Notorious B.I.G.
40%
Drops of Jupiter (Tell Me)Train
40%
A Horse With No NameAmerica
39%
Mr. Blue SkyElectric Light Orchestra
39%
Are You Gonna Be My GirlJet
39%
99 LuftballonsNena
39%
Head Like a HoleNine Inch Nails
39%
It Wasn't MeShaggy
39%
All StarSmash Mouth
39%
I Want It That WayThe Backstreet Boys
39%
Daydream BelieverThe Monkees
39%
Here I Go AgainWhitesnake
39%
Dog Days Are OverFlorence + the Machine
38%
Cold, Cold HeartHank Williams
38%
MMMBopHanson
38%
Love Don't Cost a ThingJennifer Lopez
38%
Carry On Wayward SonKansas
38%
Use SomebodyKings of Leon
38%
HallelujahLeonard Cohen
38%
Tutti FruttiLittle Richard
38%
Heart of GoldNeil Young
38%
RockstarNickelback
38%
Psycho KillerTalking Heads
38%
This Charming ManThe Smiths
38%
Low RiderWar
38%
You Oughta KnowAlanis Morissette
37%
Good TimesChic
37%
Hot StuffDonna Summer
37%
Son of a Preacher ManDusty Springfield
37%
Praying for TimeGeorge Michael
37%
BaracudaHeart
37%
The Beautiful PeopleMarilyn Manson
37%
Down UnderMen at Work
37%
SledgehammerPeter Gabriel
37%
I Wanna Be SedatedRamones
37%
Say It Ain't SoWeezer
37%
LoserBeck
36%
Peggy SueBuddy Holly
36%
Boogie WonderlandEarth, Wind & Fire
36%
GlamorousFergie
36%
The GamblerKenny Rogers
36%
Supermassive Black HoleMuse
36%
Every Rose Has Its ThornPoison
36%
I Believe I Can FlyR. Kelly
36%
Tom SawyerRush
36%
Rock You Like a HurricaneScorpions
36%
Techno CumbiaSelena
36%
Chasing CarsSnow Patrol
36%
Desert RoseSting
36%
Manic MondayThe Bangles
36%
Eat ItWeird Al Yankovic
36%
See You AgainWiz Khalifa
36%
No More Mr. Nice GuyAlice Cooper
35%
For What It's WorthBuffalo Springfield
35%
HumbleKendrick Lamar
35%
Walk on the Wild SideLou Reed
35%
Ace of SpadesMotorhead
35%
These Boots Are Made for Walkin'Nancy Sinatra
35%
It's TrickyRun-D.M.C.
35%
What's New Pussycat?Tom Jones
35%
PillowtalkZayn
35%
Here Comes the Rain AgainEurythmics
34%
It Was a Good DayIce Cube
34%
Can't Get You Out of My HeadKylie Minogue
34%
What'd I SayRay Charles
34%
Young TurksRod Stewart
34%
Don't You (Forget About Me)Simple Minds
34%
Edge of SeventeenStevie Nicks
34%
My GirlThe Temptations
34%
HeathensTwenty One Pilots
34%
Holding Out for a HeroBonnie Tyler
33%
Before He CheatsCarrie Underwood
33%
Pumped Up KicksFoster the People
33%
Need You TonightINXS
33%
Are You Gonna Go My WayLenny Kravitz
33%
Hey There DelilahPlain White T's
33%
Du hastRammstein
33%
My Own PrisonCreed
32%
Take Me OutFranz Ferdinand
32%
Some NightsFun.
32%
Over the RainbowJudy Garland
32%
Happy Birthday, Mr. PresidentMarilyn Monroe
32%
Dr. FeelgoodMotley Crue
32%
Hopelessly Devoted to YouOlivia Newton-John
32%
Love is a BattlefieldPat Benatar
32%
I Know You Want Me (Calle Ocho)Pitbull
32%
We Built This CityStarship
32%
We're Not Gonna Take ItTwisted Sister
32%
Owner of a Lonely HeartYes
32%
Wake Me UpAvicii
31%
25 or 6 to 4Chicago
31%
Sugar, We're Goin DownFall Out Boy
31%
White RabbitJefferson Airplane
31%
Breaking the LawJudas Priest
31%
6 Foot 7 FootLil Wayne
31%
HappyPharrell Williams
31%
Bulls on ParadeRage Against the Machine
31%
The Heart Wants What It WantsSelena Gomez
31%
The Boys Are Back in TownThin Lizzy
31%
Do They Know It's Christmas?Band Aid
30%
Orinoco Flow (Sail Away)Enya
30%
Rock Me AmadeusFalco
30%
Kozmic BluesJanis Joplin
30%
Paper PlanesM.I.A.
30%
Say It RightNelly Furtado
30%
FirefliesOwl City
30%
White IversonPost Malone
30%
Corazon EspinadoSantana
30%
Any Man of MineShania Twain
30%
Born to be WildSteppenwolf
30%
We Gotta Get out of This PlaceThe Animals
30%
Turn! Turn! Turn!The Byrds
30%
My SharonaThe Knack
30%
The SignAce of Base
29%
Man in the BoxAlice in Chains
29%
Copacabana (At the Copa)Barry Manilow
29%
Take My Breath AwayBerlin
29%
Juke Box HeroForeigner
29%
Freak on a LeashKorn
29%
Bullet with Butterfly WingsSmashing Pumpkins
29%
I Got You BabeSonny & Cher
29%
Don't ChaThe Pussycat Dolls
29%
On the Road AgainWillie Nelson
29%
Smack ThatAkon
28%
The Four Seasons (Le quattro stagioni)Antonio Vivaldi
28%
I Bet You Look Good on the DancefloorArctic Monkeys
28%
Cruel SummerBananarama
28%
Ain't No SunshineBill Withers
28%
Come On EileenDexys Midnight Runners
28%
Lust for LifeIggy Pop
28%
Love Will Tear Us ApartJoy Division
28%
Two Out of Three Ain't BadMeat Loaf
28%
Death of a BachelorPanic! at the Disco
28%
Jessie's GirlRick Springfield
28%
Treat You BetterShawn Mendes
28%
Fly Like an EagleSteve Miller Band
28%
How to Save a LifeThe Fray
28%
Woman in LoveBarbra Streisand
27%
Wild WorldCat Stevens
27%
Whip ItDevo
27%
MargaritavilleJimmy Buffett
27%
Jack & DianeJohn Cougar
27%
All Summer LongKid Rock
27%
Step by StepNew Kids on the Block
27%
Misery BusinessParamore
27%
Come Sail AwayStyx
27%
The Logical SongSupertramp
27%
Video Killed the Radio StarThe Buggles
27%
Happy TogetherThe Turtles
27%
Walking on Broken GlassAnnie Lennox
26%
Friends in Low PlacesGarth Brooks
26%
Celebrity SkinHole
26%
Ride of the Valkyries (Walkurenritt)Richard Wagner
26%
Baby Got BackSir Mix-a-Lot
26%
Mirror in the BathroomThe Beat
26%
You Might ThinkThe Cars
26%
UnprettyTLC
26%
Stand by MeBen E. King
25%
Get Outta My Dreams, Get into My CarBilly Ocean
25%
At Your CommandBing Crosby
25%
MachineheadBush
25%
Let's Twist AgainChubby Checker
25%
Give Your Heart a BreakDemi Lovato
25%
Thank YouDido
25%
The Boys of SummerDon Henley
25%
Pump It UpElvis Costello
25%
BailamosEnrique Iglesias
25%
BabooshkaKate Bush
25%
Kids in AmericaKim Wilde
25%
Rollin' (Air Raid Vehicle)Limp Bizkit
25%
Safety DanceMen Without Hats
25%
Hate Me NowNas
25%
I'm Too SexyRight Said Fred
25%
A Change Is Gonna ComeSam Cooke
25%
Money on My MindSam Smith
25%
Soak Up the SunSheryl Crow
25%
Ho HeyThe Lumineers
25%
Sweet JaneThe Velvet Underground
25%
A Thousand MilesVanessa Carlton
25%
Who Let the Dogs Out?Baha Men
24%
My PrerogativeBobby Brown
24%
Down With the SicknessDisturbed
24%
CrazyGnarls Barkley
24%
Fight the PowerPublic Enemy
24%
It's All About the BenjaminsPuff Daddy
24%
The Sweetest TabooSade
24%
Bye Bye LoveThe Everly Brothers
24%
Brass in PocketThe Pretenders
24%
The Way I AreTimbaland
24%
Kryptonite3 Doors Down
23%
Strange FruitBillie Holiday
23%
On Bended KneeBoyz II Men
23%
Kiss On My ListHall and Oates
23%
Mama Said Knock You OutLL Cool J
23%
MacarenaLos del Rio
23%
Family AffairMary J. Blige
23%
Bizarre Love TriangleNew Order
23%
Take It on the RunREO Speedwagon
23%
Addicted to LoveRobert Palmer
23%
Burning HeartSurvivor
23%
The Chipmunk Song (Christmas Don't Be Late)The Chipmunks
23%
Come Out and PlayThe Offspring
23%
Baby LoveThe Supremes
23%
Yeah 3xChris Brown
22%
Insane in the BrainCypress Hill
22%
When Love Takes OverDavid Guetta
22%
I Can't Help Myself (Sugar Pie Honey Bunch)Four Tops
22%
Stupid GirlGarbage
22%
Burnin' UpJonas Brothers
22%
Symphony of DestructionMegadeth
22%
Opposites AttractPaula Abdul
22%
Holding Back the YearsSimply Red
22%
DualitySlipknot
22%
FirestarterThe Prodigy
22%
Last NiteThe Strokes
22%
Semi-Charmed LifeThird Eye Blind
22%
Cherry PieWarrant
22%
No RainBlind Melon
21%
TubthumpingChumbawamba
21%
Accidentally in LoveCounting Crows
21%
Stacy's MomFountains of Wayne
21%
Touch of GreyGrateful Dead
21%
Time in a BottleJim Croce
21%
The MiddleJimmy Eat World
21%
GloryJohn Legend
21%
Free Man in ParisJoni Mitchell
21%
FunkytownLipps Inc.
21%
Always Look on the Bright Side of LifeMonty Python
21%
Little Lion ManMumford & Sons
21%
Puff, the Magic DragonPeter, Paul and Mary
21%
No One KnowsQueens of the Stone Age
21%
JoyrideRoxette
21%
Dance to the MusicSly and the Family Stone
21%
Ramblin' ManThe Allman Brothers Band
21%
#SelfieThe Chainsmokers
21%
Not Ready to Make NiceThe Dixie Chicks
21%
I Want You BackThe Jackson 5
21%
SchismTool
21%
We Are the WorldUSA for Africa
21%
C.R.E.A.M.Wu-Tang Clan
21%
There You'll BeFaith Hill
20%
Living on My OwnFreddie Mercury
20%
Beds Are BurningMidnight Oil
20%
Freddie FreeloaderMiles Davis
20%
Last ResortPapa Roach
20%
When a Man Loves a WomanPercy Sledge
20%
1812 Overture (The Year 1812)Pyotr Ilyich Tchaikovsky
20%
GhostbustersRay Parker Jr.
20%
It Don't Come EasyRingo Starr
20%
Whatta ManSalt-N-Pepa
20%
Keep Your Eye on the Sparrow (Baretta's Theme)Sammy Davis Jr.
20%
Kiss Me thru the PhoneSoulja Boy
20%
Sugar, SugarThe Archies
20%
Listen to the MusicThe Doobie Brothers
20%
American WomanThe Guess Who
20%
20th Century BoyT. Rex
20%
Food for ThoughtUB40
20%
I'm Not in Love10cc
19%
She Looks So Perfect5 Seconds of Summer
19%
Burnin' for YouBlue Oyster Cult
19%
Skinny LoveBon Iver
19%
She Drives Me CrazyFine Young Cannibals
19%
Two TribesFrankie Goes to Hollywood
19%
Bobby Brown (Goes Down)Frank Zappa
19%
Fantaisie-ImpromptuFrederic Chopin
19%
CarsGary Numan
19%
The ReasonHoobastank
19%
Jump AroundHouse of Pain
19%
The Heart of Rock & RollHuey Lewis and the News
19%
Ina Gadda da VidaIron Butterfly
19%
Reggae NightJimmy Cliff
19%
DaughtersJohn Mayer
19%
Main Title (Theme From 'Jaws')John Williams
19%
(Shake, Shake, Shake) Shake Your BootyKC and the Sunshine Band
19%
Rainbow ConnectionKermit the Frog
19%
Jungle BoogieKool & the Gang
19%
Stand UpLudacris
19%
UnwellMatchbox Twenty
19%
Just Another NightMick Jagger
19%
Walkin' After MidnightPatsy Cline
19%
Because the NightPatti Smith Group
19%
DowntownPetula Clark
19%
You've Got a Friend in MeRandy Newman
19%
Thong SongSisqo
19%
Raining BloodSlayer
19%
Fat LipSum 41
19%
I Don't Like MondaysThe Boomtown Rats
19%
You've Lost That Lovin' Feelin'The Righteous Brothers
19%
Ballroom BlitzThe Sweet
19%
Time of the SeasonThe Zombies
19%
Blister in the SunViolent Femmes
19%
Mmm Mmm Mmm MmmCrash Test Dummies
18%
Crash Into MeDave Matthews Band
18%
Take Me Home TonightEddie Money
18%
Ain't That a ShameFats Domino
18%
Last GoodbyeJeff Buckley
18%
Need You NowLady Antebellum
18%
The Living YearsMike + The Mechanics
18%
When You're MadNe-Yo
18%
Monkey Gone to HeavenPixies
18%
Cross Road BluesRobert Johnson
18%
On the Good Ship LollipopShirley Temple
18%
Runaway TrainSoul Asylum
18%
Lonely BoyThe Black Keys
18%
Fire WomanThe Cult
18%
Long Coole Woman in a Black DressThe Hollies
18%
Joy to the WorldThree Dog Night
18%
Goody Two ShoesAdam Ant
17%
The Chanukah SongAdam Sandler
17%
I Ran (So Far Away)A Flock of Seagulls
17%
Show Me How to LiveAudioslave
17%
HyperballadBjork
17%
Rockin' Around the Christmas TreeBrenda Lee
17%
Ain't No Rest for the WickedCage the Elephant
17%
Suite: Judy Blue EyesCrosby, Stills, & Nash
17%
Do You Know the Way to San JoseDionne Warwick
17%
All I Do Is WinDJ Khaled
17%
Through the Fire and FlamesDragonForce
17%
A Little RespectErasure
17%
EpicFaith No More
17%
Slow RideFoghat
17%
Wichita LinemanGlen Campbell
17%
Coming Out of the DarkGloria Estefan
17%
Theme from "Shaft"Isaac Hayes
17%
Running on EmptyJackson Browne
17%
Locomotive BreathJethro Tull
17%
Thrift ShopMacklemore & Ryan Lewis
17%
Bad and BoujeeMigos
17%
Ain't Got No, I Got LifeNina Simone
17%
Come Away with MeNorah Jones
17%
DianaPaul Anka
17%
DraculaRob Zombie
17%
Merry Xmas EverybodySlade
17%
Do It AgainSteely Dan
17%
ValerieSteve Winwood
17%
Wicked GardenStone Temple Pilots
17%
It's My LifeTalk Talk
17%
Cat Scratch FeverTed Nugent
17%
MapsYeah Yeah Yeahs
17%
No, No, NoYoko Ono
17%
Sole SurvivorAsia
16%
In a Big CountryBig Country
16%
Could've Been MeBilly Ray Cyrus
16%
Dream PoliceCheap Trick
16%
PandaDesiigner
16%
I'd Rather Go BlindEtta James
16%
Weapon of ChoiceFatboy Slim
16%
Bad to the BoneGeorge Thorogood and the Destroyers
16%
Baker StreetGerry Rafferty
16%
Wet DreamzJ. Cole
16%
You Were Meant for MeJewel
16%
I Can See Clearly NowJohnny Nash
16%
Too Late for GoodbyesJulian Lennon
16%
Too ShyKajagoogoo
16%
The Court of the Crimson KingKing Crimson
16%
Trans-Europe ExpressKraftwerk
16%
Cooler than MeMike Posner
16%
Float OnModest Mouse
16%
The Last of the Famous International PlayboysMorrissey
16%
Hoochie Coochie ManMuddy Waters
16%
Hair of the DogNazareth
16%
Metal HealthQuiet Riot
16%
Right Here WaitingRichard Marx
16%
Closing TimeSemisonic
16%
GoldfingerShirley Bassey
16%
One WeekThe Barenaked Ladies
16%
Chelsea DaggerThe Fratellis
16%
(Get Your Kicks on) Route 66The King Cole Trio
16%
Rapper's DelightThe Sugarhill Gang
16%
One HeadlightThe Wallflowers
16%
I'm 'n Luv (wit a Stripper)T-Pain
16%
AntidoteTravis Scott
16%
ViennaUltravox!
16%
Making Love Out of Nothing at AllAir Supply
15%
Con te partio (Time to Say Goodbye)Andrea Bocelli
15%
ReflektorArcade Fire
15%
All I KnowArt Garfunkel
15%
SailAWOLNATION
15%
AustinBlake Shelton
15%
Turn the PageBob Seger and the Silver Bullet Band
15%
Kung Fu FightingCarl Douglas
15%
Blue Suede ShoesCarl Perkins
15%
Party Up (Up in Here)DMX
15%
The Killing MoonEcho & the Bunnymen
15%
Summertime BluesEddie Cochran
15%
Electric AvenueEddy Grant
15%
All My Ex's Live in TexasGeorge Strait
15%
We're an American BandGrand Funk Railroad
15%
Been Caught StealingJane's Addiction
15%
Diamonds & RustJoan Baez
15%
Canon in DJohann Pachelbel
15%
But for the Grace of GodKeith Urban
15%
Selling the DramaLive
15%
Cult of PersonalityLiving Colour
15%
Sock It 2 MeMissy Elliott
15%
Do You Feel Like We Do?Peter Frampton
15%
Tall Cool OneRobert Plant
15%
Scatman (Ski Ba Bop Ba Dop Bop)Scatman John
15%
What I GotSublime
15%
BreathlessThe Corrs
15%
It's Your ThingThe Isley Brothers
15%
Heart Full of SoulThe Yardbirds
15%
The KillThirty Seconds to Mars
15%
I Left My Heart in San FranciscoTony Bennett
15%
Cornflake GirlTori Amos
15%
Play That Funky MusicWild Cherry
15%
Whataya Want from MeAdam Lambert
14%
I Just Want to Be Your EverythingAndy Gibb
14%
I Am the LawAnthrax
14%
Takin' Care of BusinessBachman-Turner Overdrive
14%
Can't Get EnoughBad Company
14%
The DistanceCake
14%
Holiday in CambodiaDead Kennedys
14%
Real Muthaphuckkin G'sEazy-E
14%
Santa MonicaEverclear
14%
CiriceGhost
14%
The MessageGrandmaster Flash and the Furious Five
14%
It's Gonna Work Out FineIke & Tina Turner
14%
MiraclesJefferson Starship
14%
I Wanna Love You ForeverJessica Simpson
14%
Working for the WeekendLoverboy
14%
Fade Into YouMazzy Star
14%
Sister ChristianNight Ranger
14%
Pure MorningPlacebo
14%
U.N.I.T.Y.Queen Latifah
14%
Round and RoundRatt
14%
DonnaRitchie Valens
14%
Somebody's Watching MeRockwell
14%
The PowerSnap!
14%
Say Hello, Wave GoodbyeSoft Cell
14%
It's Been AwhileStaind
14%
TributeTenacious D
14%
She Talks to AngelsThe Black Crowes
14%
Hey Boy Hey GirlThe Chemical Brothers
14%
What I Like About YouThe Romantics
14%
867-5309/JennyTommy Tutone
14%
Dance Hall DaysWang Chung
14%
This Land Is Your LandWoody Guthrie
14%
Dream LoverBobby Darin
13%
Ridin'Chamillionaire
13%
GoodiesCiara
13%
Let Me Love YouDJ Snake
13%
Secret LoveDoris Day
13%
Sweet LifeFrank Ocean
13%
Pure ImaginationGene Wilder
13%
Blame ItJamie Foxx
13%
You Make Me Feel Like DancingLeo Sayer
13%
Walking in MemphisMarc Cohn
13%
ChainsNick Jonas
13%
Spirit in the SkyNorman Greenbaum
13%
I'm BrokenPantera
13%
Give Up the Funk (Tear the Roof off the Sucker)Parliament
13%
LisztomaniaPhoenix
13%
Soul ManSam & Dave
13%
I Can't Drive 55Sammy Hagar
13%
Scary Monsters and Nice SpritesSkrillex
13%
Teen Age RiotSonic Youth
13%
This Town Ain't Big Enough for Both of UsSparks
13%
She Don't Use JellyThe Flaming Lips
13%
Could've BeenTiffany
13%
RegulateWarren G
13%
Bounce BackBig Sean
12%
Crazy Man, CrazyBill Haley & His Comets
12%
The Diary of JaneBreaking Benjamin
12%
Ever Fallen in Love (With Someone You Shouldn't've)Buzzcocks
12%
Sunglasses at NightCorey Hart
12%
My BandD12
12%
MotherDanzig
12%
In a Sentimental MoodDuke Ellington
12%
The Ecstasy of GoldEnnio Morricone
12%
CruiseFlorida Georgia Line
12%
The Pink Panther ThemeHenry Mancini
12%
(You Love Keeps Lifting Me) Higher and HigherJackie Wilson
12%
Life's Been GoodJoe Walsh
12%
CenterfieldJohn Fogerty
12%
Dancing in the StreetMartha and the Vandellas
12%
The House That Built MeMiranda Lambert
12%
I Melt with YouModern English
12%
Baby Come BackPlayer
12%
She Hates MePuddle of Mudd
12%
Words as WeaponsSeether
12%
Your Wildest DreamsThe Moody Blues
12%
LumpThe Presidents of the United States of America
12%
Too Much Too YoungThe Specials
12%
Another Sad Love SongToni Braxton
12%
Save the Best for LastVanessa Williams
12%
SlitherVelvet Revolver
12%
Werewolves of LondonWarren Zevon
12%
Ocean ManWeen
12%
Je veuxZaz
12%
All Mixed Up311
11%
Hail to the KingAvenged Sevenfold
11%
When I See You SmileBad English
11%
I'm a ManBo Diddley
11%
Put Your Hands Where My Eyes Could SeeBusta Rhymes
11%
When the Girl in Your Arms Is the Girl in Your HeartCliff Richard
11%
ButterflyCrazy Town
11%
A Winter's TaleDavid Essex
11%
Just Like ParadiseDavid Lee Roth
11%
One Nation Under a GrooveFunkadelic
11%
Atomic DogGeorge Clinton
11%
I've Got to Use My ImaginationGladys Knight & the Pips
11%
Island in the SunHarry Belafonte
11%
Always on TimeJa Rule
11%
The Remedy (I Won't Worry)Jason Mraz
11%
Beautiful SoulJesse McCartney
11%
Forever in LoveKenny G
11%
Erase MeKid Cudi
11%
Pretend We're DeadL7
11%
Daft Punk Is Playing at My HouseLCD Soundsystem
11%
Y Hubo AlguienMarc Anthony
11%
The Mercy SeatNick Cave and the Bad Seeds
11%
Weird ScienceOingo Boingo
11%
Here It Goes AgainOK Go
11%
Feel Like Makin' LoveRoberta Flack
11%
Youth Gone WildSkid Row
11%
Every MorningSugar Ray
11%
Hunger StrikeTemple of the Dog
11%
Dirty Little SecretThe All-American Rejects
11%
Wherever You Will GoThe Calling
11%
You've Really Got a Hold on MeThe Miracles
11%
Your LoveThe Outfield
11%
Steady, As She GoesThe Raconteurs
11%
1969The Stooges
11%
Disco InfernoThe Trammps
11%
Wake Up Jeff!The Wiggles
11%
Bad as MeTom Waits
11%
Handle with CareTraveling Wilburys
11%
Follow MeUncle Kracker
11%
Easy Livin'Uriah Heep
11%
Thunder Kiss '65White Zombie
11%
Joker & the ThiefWolfmother
11%
Caught Up in You38 Special
10%
Give Me Just One Night (Una Noche)98 Degrees
10%
Just a FriendBiz Markie
10%
Fire Water BurnBloodhound Gang
10%
Baby's on FireBrian Eno
10%
Happy SongBring Me the Horizon
10%
Scream Aim FireBullet for My Valentine
10%
You Know My NameChris Cornell
10%
The World I KnowCollective Soul
10%
Freddie's DeadCurtis Mayfield
10%
Change (In the House of Flies)Deftones
10%
Right Place, Wrong TimeDr. John
10%
I'm Shipping Up to BostonDropkick Murphys
10%
Hey Man, Nice ShotFilter
10%
ParalyzerFinger Eleven
10%
Sleep to DreamFiona Apple
10%
Wrong Side of HeavenFive Finger Death Punch
10%
Hemorrhage (In My Hands)Fuel
10%
Turn On the LightsFuture
10%
Rico SuaveGerardo
10%
Redneck WomanGretchen Wilson
10%
Smokestack LightningHowlin' Wolf
10%
Anna MollyIncubus
10%
Big Green TractorJason Aldean
10%
It's Your WorldJennifer Hudson
10%
Up Where We BelongJoe Cocker and Jennifer Warnes
10%
Halloween Theme Main TitleJohn Carpenter
10%
My ShotLin-Manuel Miranda
10%
Personality CrisisNew York Dolls
10%
Wish I Had an AngelNightwish
10%
Flight of the BumblebeeNikolai Rimsky Korsakov
10%
SlamOnyx
10%
You Are My FriendPatti LaBelle
10%
Where Have All the Cowboys Gone?Paula Cole
10%
Major Tom (Coming Home)Peter Schilling
10%
Let My Love Open the DoorPete Townshend
10%
Silent LucidityQueensryche
10%
Fast Cars and FreedomRascal Flatts
10%
Hustlin'Rick Ross
10%
Lonely No MoreRob Thomas
10%
Then He Kissed MeThe Crystals
10%
Save the Last Dance for MeThe Drifters
10%
Threw It On The GroundThe Lonely Island
10%
You Got MeThe Roots
10%
Chalk OutlineThree Days Grace
10%
Hole in My ShoeTraffic
10%
All Cried OutAlison Moyet
9%
JudithA Perfect Circle
9%
Look at Your Game, GirlCharles Manson
9%
The Simpsons ThemeDanny Elfman
9%
Foolish PrideDaryl Hall
9%
No SurpriseDaughtry
9%
You Are a TouristDeath Cab for Cutie
9%
Me Myself and IDe La Soul
9%
GuaranteedEddie Vedder
9%
Drink in My HandEric Church
9%
MykonosFleet Foxes
9%
VoodooGodsmack
9%
I'm No AngelGregg Allman
9%
Flagpole SittaHarvey Danger
9%
Silver MachineHawkwind
9%
Here Comes the HotstepperIni Kamoze
9%
The Heinrich ManeuverInterpol
9%
Miami Vice ThemeJan Hammer
9%
Les Champs-ElyseesJoe Dassin
9%
Boom BoomJohn Lee Hooker
9%
There Goes My LifeKenny Chesney
9%
My Front Porch Looking InLonestar
9%
I Don't Want This Night to EndLuke Bryan
9%
This One's for the GirlsMartina McBride
9%
Kick Out the JamsMC5
9%
Okie from MuskogeeMerle Haggard
9%
Jesus Built My HotrodMinistry
9%
Pata PataMiriam Makeba
9%
Promises, PromisesNaked Eyes
9%
Holland, 1945Neutral Milk Hotel
9%
Cut Your HairPavement
9%
My Name is MudPrimus
9%
Audience of OneRise Against
9%
Sound of MadnessShinedown
9%
Hong Kong GardenSiouxsie and the Banshees
9%
Bohemian Like YouThe Dandy Warhols
9%
Heartbreak BeatThe Psychedelic Furs
9%
SeetherVeruca Salt
9%
Are You Sure Hank Done It This WayWaylon Jennings
9%
Born Under a Bad SignAlbert King
8%
Check the RhimeA Tribe Called Quest
8%
Gonna Fly NowBill Conti
8%
Everybody Wants YouBilly Squier
8%
Can't Find My Way HomeBlind Faith
8%
I'm Still a GuyBrad Paisley
8%
Back at OneBrian McKnight
8%
Red Dirt RoadBrooks & Dunn
8%
Far BehindCandlebox
8%
No ProblemChance the Rapper
8%
Uneasy RiderCharlie Daniels
8%
Send the Pain BelowChevelle
8%
Hello Darlin'Conway Twitty
8%
LowCracker
8%
Cha Cha SlideDJ Casper
8%
Found a WayDrake Bell
8%
Feel Inside (And Stuff Like That)Flight of the Conchords
8%
Remember the NameFort Minor
8%
Why Do Fools Fall in LoveFrankie Lymon & the Teenagers
8%
Waiting RoomFugazi
8%
Axel FHarold Faltermeyer
8%
My Name is HumanHighly Suspect
8%
Everlasting LoveHoward Jones
8%
Dance with the DevilImmortal Technique
8%
Original Jelly Roll BluesJelly Roll Morton
8%
Slow Jam the NewsJimmy Fallon
8%
What Becomes of the BrokenheartedJimmy Ruffin
8%
The Sweetest Thing (I've Ever Known)Juice Newton
8%
Dancing in the MoonlightKing Harvest
8%
Why MeKris Kristofferson
8%
River of DeceitMad Season
8%
Big IronMarty Robbins
8%
Lake of FireMeat Puppets
8%
Kissin UMiranda Cosgrove
8%
Sex, Love & MoneyMos Def
8%
Nobody Does It BetterNate Dogg
8%
¿Cómo te va mi amor?Pandora
8%
PetsPorno for Pyros
8%
Cuntry BonerPuscifer
8%
Time BombRancid
8%
Send Me an AngelReal Life
8%
AlwaysSaliva
8%
Make You Miss MeSam Hunt
8%
Nearly Lost YouScreaming Trees
8%
Let's Go All the WaySly Fox
8%
Cranes in the SkySolange
8%
Everybody Needs Somebody to LoveSolomon Burke
8%
Na Na Hey Hey Kiss Him GoodbyeSteam
8%
InstitutionalizedSuicidal Tendencies
8%
New RoseThe Damned
8%
Life in a Northern TownThe Dream Academy
8%
All You ZombiesThe Hooters
8%
If I Didn't CareThe Ink Spots
8%
AngelsThe xx
8%
Bang the Drum All DayTodd Rundgren
8%
Are 'Friends' Electric?Tubeway Army
8%
Graduation (Friends Forever)Vitamin C
8%
Don't Wanna FightAlabama Shakes
7%
Is There a GhostBand of Horses
7%
BrickBen Folds Five
7%
Jesus ChristBrand New
7%
Theme from Harry's GameClannad
7%
FirstCold War Kids
7%
Ghosts 'n' Stuffdeadmau5
7%
Guillotine (It Goes Yah)Death Grips
7%
On the Backs of AngelsDream Theater
7%
Fooled Around and Fell in LoveElvin Bishop
7%
TendernessGeneral Public
7%
Lexicon DevilGerms
7%
Maiden VoyageHerbie Hancock
7%
Natural Born BugieHumble Pie
7%
U Make Me WannaJadakiss
7%
Secret Agent ManJohnny Rivers
7%
Frying PanMac Sabbath
7%
Peace in the ValleyMahalia Jackson
7%
WildsideMarky Mark and the Funky Bunch
7%
R.I.C.O.Meek Mill
7%
Chloe Dancer/Crown of ThornsMother Love Bone
7%
The Christmas ShoesNewSong
7%
Dinosaur Laser FightNinja Sex Party
7%
StarseedOur Lady Peace
7%
Sea of LovePhil Phillips
7%
SuckPigface
7%
A Perfect Day ElisePJ Harvey
7%
After the FireRoger Daltrey
7%
What God Wants, Part IRoger Waters
7%
Lights OutRoyal Blood
7%
Legend Has ItRun the Jewels
7%
And the Bands Played OnSaxon
7%
I Put a Spell on YouScreamin' Jay Hawkins
7%
Bam BamSister Nancy
7%
The End of the WorldSkeeter Davis
7%
Ball and ChainSocial Distortion
7%
For the Love of GodSteve Vai
7%
Get InsideStone Sour
7%
The Rain, the Park & Other ThingsThe Cowsills
7%
Prisoner of SocietyThe Living End
7%
Wax SimulacraThe Mars Volta
7%
Jackie BlueThe Ozark Mountain Daredevils
7%
Earth AngelThe Penguins
7%
Make Me Wanna DieThe Pretty Reckless
7%
Sugar and SpiceThe Searchers
7%
Get FreeThe Vines
7%
Salt ShakerThe Ying Yang Twins
7%
Die a Happy ManThomas Rhett
7%
America, F- YeahTrey Parker
7%
BRAINS!Voltaire
7%
Highway 20 RideZac Brown Band
7%
Baila (Sexy Thing)Zucchero Fornaciari
7%
Tell It Like It IsAaron Neville
6%
Aitakatta (I Wanted to Meet You)AKB48
6%
Desperately WantingBetter Than Ezra
6%
Clean Up WomanBetty Wright
6%
Lies (Geojitmal)Big Bang
6%
Shake, Rattle and RollBig Joe Turner
6%
The Valley RoadBruce Hornsby and the Range
6%
Welcome HomeCoheed and Cambria
6%
Dirty Sticky FloorsDave Gahan
6%
Mona Lisa Lost Her SmileDavid Allan Coe
6%
I Ejaculate FireDethklok
6%
HomeEdward Sharpe and the Magnetic Zeros
6%
Back Like ThatGhostface Killah
6%
SilveraGojira
6%
Love Bites (So Do I)Halestorm
6%
What's on Your Mind (Pure Energy)Information Society
6%
Push Comes to ShoveJackyl
6%
ChaChaLaLaJim Johnston
6%
Player's AnthemJunior M.A.F.I.A.
6%
Let It RockKevin Rudolf
6%
ReaganKiller Mike
6%
Green MachineKyuss
6%
Tight RopeLeon Russell
6%
Get LowLil Jon & the East Side Boyz
6%
Holiday RoadLindsey Buckingham
6%
So AliveLove and Rockets
6%
How HighMethod Man & Redman
6%
No MythMichael Penn
6%
Destination UnknownMissing Persons
6%
Touch Me I'm SickMudhoney
6%
Holdin on to Black MetalMy Morning Jacket
6%
One-Winged AngelNobuo Uematsu
6%
Pka KabasPan Ron
6%
Low Self OpinionRollins Band
6%
Digital WitnessSt. Vincent
6%
Meant to LiveSwitchfoot
6%
Dhoom DhoomTata Young
6%
Ain't No ManThe Avett Brothers
6%
Keep Hope AliveThe Crystal Method
6%
Oh, What a NightThe Dells
6%
Free RideThe Edgar Winter Group
6%
Heard It in a Love SongThe Marshall Tucker Band
6%
Cissy StrutThe Meters
6%
Wish I Knew YouThe Revivalists
6%
Something's Always WrongToad the Wet Sprocket
6%
MetalingusAlter Bridge
5%
Chasing TimeAzealia Banks
5%
Green OnionsBooker T. & the M.G.'s
5%
Main Title from "Terminator 2"Brad Fiedel
5%
Letters from the SkyCivil Twilight
5%
Lux AeternaClint Mansell
5%
Drowning in a DaydreamCorrosion of Conformity
5%
Live & LearnCrush 40
5%
I'm Throwing Rice (At the Girl That I Love)Eddy Arnold
5%
I Can't StopFlux Pavilion
5%
Zip-a-Dee-Doo-DahJames Baskett
5%
Pokemon Theme (Gotta Catch 'Em All)Jason Paige
5%
You're the BestJoe Esposito
5%
The Time Is NowJohn Cena & Tha Trademarc
5%
Everyday Normal GuyJon Lajoie
5%
Declaration (This Is It)Kirk Franklin
5%
The Wonder of it AllKristine W
5%
Straight to VideoMindless Self Indulgence
5%
Tiptoe Through the TulipsNick Lucas
5%
Starry Eyed SurprisePaul Oakenfold
5%
Crazy ArmsRay Price
5%
In the MeantimeSpacehog
5%
45The Gaslight Anthem
5%
New FangThem Crooked Vultures
5%
Soul SurvivorYoung Jeezy
5%
Al Qahira "Cairo"Amr Diab
4%
Ain't Messin 'RoundGary Clark Jr.
4%
Beautiful LifeLydia Canaan
4%
Bustin'Neil Cicierega
4%
Living on the 110Prophets of Rage
4%
Cut Me Some SlackThe Sound City Players
4%

Score Distribution

Percentile by Number Answered

Percent of People with Each Score

Your Score History

You have not taken this quiz since the last reset